000 01941cam a2200529 i 4500
001 10744
003 KOSZ 005
005 20250715125308.0
008 250715s1964 pl a f 000 0 pol
015 _aUWD 1964/6691
035 _a991042253819705066
035 _a(PL-WaBN)b21326290-48omnis_nlop
035 _ab21326290
035 _a(OCoLC)751033806
035 _axx001947675
035 _a(PL)b0000002132629
035 _a(EXLNZ-48OMNIS_NETWORK)9910043547105606
040 _aWA N
_cWA N
_dKOSZ 005/RW
046 _k1962
080 _a621.92
245 0 0 _aSzlifierki /
_cMarian Koryciński, Marian Czarniawski.
250 _aWydanie 2.
260 _aWarszawa :
_bWydawnictwa Naukowo-Techniczne,
_c1964.
300 _a323, [1] strony :
_bilustracje, errata ;
_c25 cm.
336 _aTekst
_btxt
_2rdacontent
337 _aBez urządzenia pośredniczącego
_bn
_2rdamedia
338 _aWolumin
_bnc
_2rdacarrier
380 _aKsiążki
380 _aPublikacje dydaktyczne
380 _aPublikacje fachowe
385 _mPoziom nauczania
_aSzkoły wyższe
388 1 _a1901-2000
388 1 _a1945-1989
504 _aBibliografia na stronach 323-[324].
521 8 _aKsiążka przeznaczona jest dla inżynierów i techników, technologów i konstruktorów pracujących w przemyśle budowy maszyn oraz dla słuchaczy wyższych i średnich szkół technicznych.
650 7 _aKonstrukcje maszyn i urządzeń
_2DBN
650 7 _aSzlifierka
_2DBN
650 7 _aSzlifowanie
_2DBN
655 7 _aOpracowanie
_2DBN
658 _aInżynieria i technika
700 1 _aCzarniawski, Marian
_eAutor
700 1 _aKoryciński, Marian
_d(1924-1970)
_eAutor
710 2 _aWydawnictwa Naukowo-Techniczne
_4pbl
856 _uhttps://koha.tu.koszalin.pl/cgi-bin/koha/opac-detail.pl?biblionumber=10744
_yKatalog online BPK
942 _2UKD
_cKS
999 _c10744
_d10744